Emma /
Napětí, špionáž a zničující láska. Debutový román ikony francouzského filmu.
Uloženo v:
| Hlavní autor: | |
|---|---|
| Další autoři: | |
| Médium: | E-kniha |
| Jazyk: | Czech |
| Vydáno: |
Praha :
XYZ,
2025
|
| Vydání: | První vydání |
| Témata: | |
| Tagy: |
Žádné tagy |
| LEADER | 02416nam a2200445 i 4500 | ||
|---|---|---|---|
| 001 | 312722 | ||
| 003 | CZ PrSKC | ||
| 005 | 20260601215727.0 | ||
| 007 | ta | ||
| 008 | 250506s2025 xr g 000 f cze | ||
| 015 | |a cnb003684188 | ||
| 020 | |a 9788076837959 |q (vázáno) : |c Kč 449,00 | ||
| 035 | |a (OCoLC)1527577479 | ||
| 040 | |a ABG001 |b cze |d BOA001 |e rda | ||
| 041 | 1 | |a cze |h fre | |
| 072 | 7 | |a 821.133.1-3 |x Francouzská próza, francouzsky psaná |2 Konspekt | |
| 080 | |a 821.133.1-31 |2 MRF | ||
| 080 | |a (0:82-312.4) |2 MRF | ||
| 100 | 1 | |a Reno, Jean, |d 1948- |7 xx0040595 |4 aut | |
| 240 | 1 | 0 | |a Emma. |l Česky |
| 245 | 1 | 0 | |a Emma / |c Jean Reno ; z francouzského originálu Emma ... přeložila Miriam Blümlová |
| 250 | |a První vydání | ||
| 264 | 1 | |a Praha : |b XYZ, |c 2025 | |
| 300 | |a 283 stran ; |c 22 cm | ||
| 336 | |a text |b txt |2 rdacontent | ||
| 337 | |a bez média |b n |2 rdamedia | ||
| 338 | |a svazek |b nc |2 rdacarrier | ||
| 520 | 2 | |a Napětí, špionáž a zničující láska. Debutový román ikony francouzského filmu. |b Emma, která pracuje jako masérka v jednom z bretaňských center thalassoterapie, přijme nabídku vyškolit personál luxusního wellness centra v Ománu. Exotická země ji zcela okouzlí, stejně jako šéf resortu, syn vlivného ministra. Neskutečně přitažlivý muž však za svým okouzlujícím úsměvem skrývá nejedno tajemství - a Emma se tak ocitá uprostřed smrtelně nebezpečných politických intrik. Začíná hra na kočku a myš plná pronásledování, nástrah a nečekaných zvratů. Emma se však nehodlá stát snadným terčem... Nakladatelská anotace. | |
| 546 | |a Český text | ||
| 655 | 7 | |a francouzské romány |7 fd132289 |2 czenas | |
| 655 | 7 | |a thrillery (romány) |7 fd184206 |2 czenas | |
| 655 | 9 | |a French fiction |2 eczenas | |
| 655 | 9 | |a thrillers (novels) |2 eczenas | |
| 700 | 1 | |a Blümlová, Miriam, |d 1988- |7 jo2017950826 |4 trl | |
| 900 | |a ABA001 |b 20 | ||
| 928 | 9 | |a Albatros Media - XYZ | |
| 044 | |a xr | ||
| 910 | |a RBIT002 | ||
| 998 | |d 420327 |a https://core.palmknihy.cz/api/books/420327/cover?svzlsv |b https://core.palmknihy.cz/api/books/420327/cover/400?svzlsv |c https://core.palmknihy.cz/api/books/420327/cover/50?svzlsv |e 2029-05-23 |g 288 |i 9788076837959 |j https://core.palmknihy.cz/api/books/420327/preview.epub |k https://core.palmknihy.cz/api/books/420327/preview.pdf |l |q 49 |r 1 |s https://www.palmknihy.cz/kniha/420327 |t ebook |y 2025 |z 0 | ||
| 999 | |d 312720 | ||